1948 1169 1679 1746 1692 1439 1402 1442 1064 1056 1100 1936 1329 1833 1648 1905 1145 1556 1672 1636 1218 1267 1365 1006 1855 1729 1357 1516 1898 1773 1875 1140 1751 1845 1998 1787 1556 1838 1763 1351 1906 1573 1745 1950 1437 1187 1399 1332 1024 1571 1657 1239 1411 1134 1920 1792 1566 1089 1454 1953 1761 1202 1469 1309 1710 1516 1238 1580 1831 1824 1201 1577 1980 1078 1704 1324 1171 1624 1059 1133 1814 1136 1404 1701 1432 1987 1139 1400 1228 1552 1509 1397 1402 1321 1955 1230 1104 1820 1083 BCNSPRNW ULIB Ver.6.0+V

เปลี่ยนเป็นภาษาไทย

Change to English
 แสดงรายละเอียดบรรณานุกรม
  กลับหน้าหลัก

Brief Record : Get Marc (ISO 2709) : E-mail record : QR code < ปิดหน้าต่าง
LEADER : 00000nam 2200000uu 4500
001    13399122848
003     ULIB
008    131021s2012||||th 000 0 tha d
020    ^a160547777X (hardcover) ^c^81.99
020    ^a9781605477770 (hardcover)
100 1  ^aAHN-BC, Carol A. Miller MSN RN-BC
245 10 ^aNursing for wellness in older adults / ^cCarol A. Miller MSN RN-BC AHN-BC.
250    ^a6th ed.
260    ^a[S.l.] : ^bLippincott Williams & Wilkins, ^c2012.
300    ^a624 p. ; ^c28 cm.
490 1  ^aMiller, nursing for wellness in older adults.
520    ^aTextbook provides a theory-based framework for nursing students and practicing nurses enabling them to address the unique health care needs of older adults. Features critical thinking exercises and abundant color illustrations.
830  0 ^aMiller, nursing for wellness in older adults.
999    ^aเกษร โพธิ์สุวรรณ
รายการนี้ยังไม่มีแท็ก
คุณยังไม่ได้ล็อกอิน คุณสามารถมีกิจกรรมร่วมกับเว็บไซต์ได้ แต่ต้องล็อกอินก่อน ::
  ล็อกอิน

รายการสื่อสารสนเทศ

ลำดับที่ ประเภท เลขเรียก/บาร์โค้ด สถานที่ สถานะ
- ไม่พบข้อมูล -

BibComment


ยังไม่เคยถูกคอมเมนท์

คอมเมนท์ทรัพยากรรายการนี้
  คอมเมนท์: Nursing for well..


 Copyright 2026. Bcnsprnw @Library